Historia de la diplomacia española / (Record no. 8303)

MARC details
000 -LEADER
campo de control de longitud fija 01611nam a2200301 i 4500
001 - NÚMERO DE CONTROL
campo de control 8303
003 - IDENTIFICADOR DE NÚMERO DE CONTROL
campo de control ES-MaACL
005 - FECHA Y HORA DE LA ÚLTIMA TRANSACCIÓN
campo de control 20250801063010.0
007 - CAMPO FIJO DE DESCRIPCIÓN FÍSICA--INFORMACIÓN GENERAL
campo de control de longitud fija t|
008 - DATOS DE LONGITUD FIJA--INFORMACIÓN GENERAL
campo de control de longitud fija 920430m19912012sp |||| | spa d
020 ## - NÚMERO INTERNACIONAL ESTÁNDAR DEL LIBRO
Número Internacional Estándar del Libro 84-85290-88-7
080 ## - NÚMERO DE LA CLASIFICACIÓN DECIMAL UNIVERSAL
Número de la Clasificación Decimal Universal 327(460)(091)
100 1# - ENTRADA PRINCIPAL--NOMBRE DE PERSONA
Nombre de persona Ochoa Brun, Miguel Ángel
9 (RLIN) 157089
245 10 - MENCIÓN DEL TÍTULO
Título Historia de la diplomacia española /
Mención de responsabilidad, etc. Miguel Ángel Ochoa Brun.
250 ## - MENCION DE EDICION
Mención de edición 2ª ed.
260 ## - PUBLICACIÓN, DISTRIBUCIÓN, ETC.
Lugar de publicación, distribución, etc. Madrid :
Nombre del editor, distribuidor, etc. Ministerio de Asuntos Exteriores,
Fecha de publicación, distribución, etc. 1991-[2012]
300 ## - DESCRIPCIÓN FÍSICA
Extensión v. <1-6-[7], 9-10 > ;
Dimensiones 25 cm.
490 1# - MENCIÓN DE SERIE
Mención de serie Biblioteca diplomática española. Sección Estudios ;
Designación de volumen o secuencia 6
505 8# - NOTA DE CONTENIDO CON FORMATO
Nota de contenido con formato Contiene: 1-4 [Sin título] - 5 ;
Título La diplomacia de Carlos V - 6 ;
-- La diplomacia de Felipe II - [7] Apéndice, pte. 1 ;
-- Repertorio diplomático: listas cronológicas de representantes desde la Alta Edad Media hasta el año 2000 (297 p.) - 9 ;
-- La diplomacia en la era de la Ilustración, I (507 p.) - 10 ;
-- La diplomacia en la era de la Ilustración, II (387 p.)
505 8# - NOTA DE CONTENIDO CON FORMATO
Nota de contenido con formato Contiene: cap. VI. La diplomacia en la era de la Ilustración, v. 9: [de "El siglo XVIII" a "La diplomacia ultramarina de Carlos III"], v. 10: [de "La diplomacia de Carlos IV" a "Adiós a la Ilustración"]
650 14 - PUNTO DE ACCESO ADICIONAL DE MATERIA--TÉRMINO DE MATERIA
Término de materia o nombre geográfico como elemento de entrada Diplomáticos-
Subdivisión geográfica España-
Subdivisión de forma Historia-
-- Listas.
9 (RLIN) 11920
650 14 - PUNTO DE ACCESO ADICIONAL DE MATERIA--TÉRMINO DE MATERIA
Término de materia o nombre geográfico como elemento de entrada Diplomacia-
Subdivisión geográfica España-
Subdivisión general Historia.
9 (RLIN) 11915
651 #4 - PUNTO DE ACCESO ADICIONAL DE MATERIA--NOMBRE GEOGRÁFICO
Nombre geográfico España-
Subdivisión general Política exterior-
-- Historia.
9 (RLIN) 8427
710 1# - ENTRADA AGREGADA--NOMBRE DE ENTIDAD CORPORATIVA
Nombre de entidad corporativa o nombre de jurisdicción como elemento de entrada España.
Unidad subordinada Ministerio de Asuntos Exteriores.
9 (RLIN) 3845
830 00 - PUNTO DE ACCESO ADICIONAL DE SERIE-TÍTULO UNIFORME
Título uniforme Biblioteca diplomática española.
Nombre de parte o sección de la obra Estudios
Designación de volumen o secuencia 6
9 (RLIN) 179518
852 ## - LOCALIZACIÓN
Ubicación ES-MaACL
Número de control de estantería P-319
Holdings
Estatus retirado Estado de pérdida Estado de daño No para préstamo Biblioteca de origen Biblioteca actual Ubicación en estantería Fecha de adquisición Fuente de adquisición Total de préstamos Signatura topográfica completa Código de barras Visto por última vez Precio de reemplazo Tipo de ítem Koha
        Biblioteca del Ateneo de Madrid Biblioteca del Ateneo de Madrid Depósito 2 17/01/2008     P-319 1008475 23/02/2023 23/02/2023 Libro impreso